Complete the Card - Wrestlemania VII - Statistics

General Stats
  • This quiz has been taken 7 times
  • The average score is 24 of 36
Answer Stats
Singles Match % Correct
Bret Hart
100%
Hulk Hogan
100%
Jim Neidhart
100%
Randy Savage
100%
Shawn Michaels
100%
The Ultimate Warrior
100%
Big Boss Man
86%
Jake Roberts
86%
Marty Jannetty
86%
Mr. Perfect
86%
Rick Martel
86%
Sgt. Slaughter
86%
Brian Knobbs
71%
Earthquake
71%
Haku
71%
Hercules
71%
Jerry Sags
71%
Paul Roma
71%
The Barbarian
71%
The Undertaker
71%
Tito Santana
71%
Animal
57%
Crush
57%
Dino Bravo
57%
Greg Valentine
57%
Hawk
57%
Jimmy Snuka
57%
Smash
57%
Ted Dibiase
43%
"Texas Tornado" Kerry Von Erich
43%
The Warlord
43%
Kōji Kitao
29%
"The British Bulldog" Davey Boy Smith
29%
The Mountie
29%
Virgil
29%
Genichiro Tenryu
14%
No matching quizzes found
Score Distribution
Percent of People with Each Score
Percentile by Number Answered
Your Score History
You have not taken this quiz